000 00589nam a2200205 i 4500
001 141799
003 ES-MaACL
005 20250806014042.0
007 t|
008 070928s1973 sp ||||1| spa d
080 _a61(38)
100 1 _aVintro, Eulalia.
_9115340
245 1 0 _aHipócrates y la nosología hipocrática /
_cEulalia Vintro.
260 _aBarcelona :
_bAriel,
_c[1973]
300 _a293 p. :
_bil. ;
_c23 cm.
600 1 4 _aHipócrates.
_963793
650 1 7 _aMedicina griega y romana
_2embne
_914924
852 _aES-MaACL
_jC-52332
_bR.85810
999 _c141799
_d141799